000 00625nam a2200205Ii 4500
003 JO-AjNU
008 230605s9999||||xx |||||||||||||| ||und||
017 _a2003/4/644
040 _aJO-AjNU
_bara
_erda
_cJO-AjNU
041 _aara
050 1 4 _aPJ7561.T3322 2003
100 3 _aالطاهر،علي نصوح,
_eauthor
_949542
245 0 0 _aالأعمال الشعرية
264 3 1 _aعمان،وزارة الثقافة،2003
300 _a271ص
336 _atext
_btxt
_2rdacontent
337 _aunmediated
_bn
_2rdamedia
338 _avolume
_bnc
_2rdacarrier
650 4 _aالشعر العربي-الأردن
_949543
999 _aA21766
_c25334
_d25334